Cliclo de Krebs - Statistics

Estatísticas Gerais
  • Esse quiz foi jogado 13 vezes
  • A pontuação média é 15 de 27
Estatísticas das Respostas
Hint Resposta % Correto
Produtos Citrato
88%
Reagentes Citrato
88%
Produtos Malato
88%
Reagentes Malato
88%
Produtos Fumarato
75%
Reagentes Fumarato
75%
Produtos Isocitrato
75%
Reagentes Isocitrato
75%
Produtos Succinato
63%
Reagentes Succinato
63%
Produtos Succinil CoA
63%
Reagentes Succinil CoA
63%
Enzima Aconitase
50%
Enzima Aconitase
50%
Produtos Alfa-Cetoglutarato
50%
Reagentes Alfa-Cetoglutarato
50%
Enzima Fumarase
50%
Enzima Isocitrato desidrogenase
50%
Enzima Succinato desidrogenase
50%
Produtos Cis Aconitato
38%
Reagentes Cis Aconitato
38%
Enzima Citrato sintase
38%
Enzima Malato desidrogenase
38%
Produtos Oxaloacetato
38%
Enzima Succinil CoA sintetase
38%
Reagentes AcetylCoA e Oxaloacetato
25%
Enzima Complexo alfa-cetoglutarato desidrogenase
25%
Nenhum quiz correspondente encontrado
Distribuição das Pontuações
Porcentagem de Pessoas com Cada Pontuação
Percentil de Números Respondidos
Sua Pontuação Histórica
Você não jogou esse quiz